000 00943nam a2200265Ia 4500
003 OSt
005 20221005110729.0
006 a|||||r|||| 00| 0
007 ta
008 221004b |||||||| |||| 00| 0 hin d
020 _a9788126708857 (hbk)
_c400
024 _a11298
037 _bBR8180, 20/03/2014, Rajkamal Prakashan Pvt. Ltd.
_cTextual
040 _aCRL
_cCRL
_bhin
041 _2hin
_ahin
082 _aO152,3N462,KA, Q0
100 _aवजाहत, असग़र
245 0 _aकैसी आगी लगाई
246 _aKaisī āgī lagāī
260 _aनई दिल्ली
_bराजकमल प्रकाशन भारत
_c2010
300 _a390पृ0
_ccm.
650 _aहिन्दी साहित्य
942 _hO152,3N462,KA, Q0
_cTEXL
_2cc
999 _c1019699
_d1019699